Informatik Theorie und Praxis der wissenschaftlichtechnischen Information

Saved in:
Bibliographic Details
Format: Serial
Language:German
Published: Berlin Wirtschaft 1990
Subjects:
Tags: Add Tag
No Tags, Be the first to tag this record!

MARC

LEADER 00000nas2a2200000 4500
001 s015004
005 20240109091634.2
022 |a 0019-9915 
041 0 |a ger 
044 |a DE 
245 1 0 |a Informatik  |b Theorie und Praxis der wissenschaftlichtechnischen Information 
264 1 |a Berlin  |b Wirtschaft  |c 1990 
300 |a 1 zv. 
773 0 |w eu_un_cat*s120479 
610 2 0 |a informatika 
610 2 0 |a teória informácií 
610 2 0 |a systémy informačné